000
00384nam a2200133Ia 4500
008
100328s9999 xx 000 0 und d
082
_b
42377
100
_a
कर्णिक हेमन.
245
_a
विश्वसुंदरी
260
_b
शांती
630
_a
विश्वसुंदरी
730
_a
विश्वसुंदरी
942
_c
BOOK
999
_c
530835
_d
530832